[Event "COL pre olympic sf3"]
[Site "Cartagena"]
[Date "2019.08.15"]
[Round "3"]
[White "Rojas Castillo, Leibnitz Edison"]
[Black "Argote Heredia, Valentina"]
[Result "1/2-1/2"]
[WhiteElo "1689"]
[BlackElo "2088"]
[PlyCount "77"]
[EventDate "2019.08.14"]
[EventType "swiss"]
[EventRounds "10"]
[EventCountry "COL"]
[SourceTitle "EXT 2020"]
[Source "ChessBase"]
[SourceDate "2019.10.17"]
[SourceVersion "1"]
[SourceVersionDate "2019.10.17"]
[SourceQuality "1"]

1. e4 c5 2. Nf3 d6 3. d4 cxd4 4. Nxd4 Nf6 5. Nc3 a6 6. Rg1 e5 7. Nb3 b5 8. g4 Bb7 9. Bg2 b4 10. Nd5 Nxd5 11. exd5 a5 12. Be3 Be7 13. Nd2 Nd7 14. Nc4 Rc8 15. Qd3 Qc7 16. Bf1 0-0 17. g5 Nc5 18. Qd2 Ba6 19. b3 Ne4 20. Qe2 Nc3 21. Qh5 Bxc4 22. Bxc4 Qd7 23. Rg3 Qf5 24. Bd3 e4 25. Bc4 Nxd5 26. Bd4 Nf4 27. Qg4 Qxg4 28. Rxg4 Ne6 29. Be3 Nc5 30. g6 hxg6 31. Rxg6 Bf6 32. 0-0-0 Rfd8 33. Rg4 Kf8 34. Bf4 d5 35. Bb5 d4 36. Kb1 d3 37. cxd3 exd3 38. Be3 Rd5 39. Rc4 1/2-1/2